000 00298nam a22001337a 4500
008 171006b xxu||||| |||| 00| 0 eng d
020 _a087630384-X
041 _aeng
080 _a159.9
100 _a49
101 _aPSI
245 _aANOREXIA NERVOSA AND BULIMIA
_cEMMETT,S.W
942 _2udc
_cBK
999 _c32379
_d32379